ნორმალური ფორმატი
MARC ფორმატი
ჩანაწერი Corporate Name
ჩანაწერთა რაოდენობა, რომელიც გამოყენებულია: 1
001 - CONTROL NUMBER
- control field: 10695
003 - CONTROL NUMBER IDENTIFIER
- control field: GE_BSU
005 - DATE AND TIME OF LATEST TRANSACTION
- control field: 20210323145017.0
008 - FIXED-LENGTH DATA ELEMENTS
- fixed length control field: 210323|| aca||aabn | a|a d
040 ## - CATALOGING SOURCE
- Original cataloging agency: GE_BSU
- Transcribing agency: GE_BSU
110 ## - HEADING--CORPORATE NAME
- Corporate name or jurisdiction name as entry element: შ. რუსთაველის სახ. სახელმწ. უნ-ტი
- Subordinate unit: სოც. მეცნ., ბიზნ. და სამართალმცოდ. ფაკ-ტი, ეკონ. მეცნ. დეპარტამენტი
670 ## - SOURCE DATA FOUND
- Source citation: Work cat.: (GE_BSU)51934: ფალავანდიშვილი, ნარგიზ 10694, სოფლის მეურნეობის მდგრადი განვითარების რეგიონალური პრობლემები და გადაჭრის გზები /
